[Event "FRA-ch Blitz Online Qual"]
[Site "Europe Echecs INT"]
[Date "2020.05.16"]
[Round "1"]
[White "Delorme, Alban"]
[Black "Kloss, Alexandre"]
[Result "1-0"]
[WhiteElo "2322"]
[BlackElo "1577"]
[PlyCount "30"]
[EventDate "2020.05.16"]
[EventType "swiss (blitz)"]
[EventRounds "15"]
[EventCountry "FRA"]
[SourceTitle "CBM 196 Extra"]
[Source "ChessBase"]
[SourceDate "2020.07.31"]
[SourceVersion "1"]
[SourceVersionDate "2020.07.31"]
[SourceQuality "1"]

1. e4 c5 2. Nf3 d6 3. d4 cxd4 4. Qxd4 Nc6 5. Bb5 Bd7 6. Bxc6 Bxc6 7. Nc3 Nf6 8. Bg5 e6 9. Qd3 Be7 10. Nd4 0-0 11. 0-0-0 d5 12. e5 Ne4 13. Bxe7 Nxc3 14. Bxd8 Nxa2+ 15. Kb1 Rfxd8 1-0

[Event "FRA-ch Blitz Online Qual"]
[Site "Europe Echecs INT"]
[Date "2020.05.16"]
[Round "8"]
[White "Kloss, Alexandre"]
[Black "Colette, Thierry"]
[Result "1-0"]
[WhiteElo "1577"]
[BlackElo "1411"]
[PlyCount "33"]
[EventDate "2020.05.16"]
[EventType "swiss (blitz)"]
[EventRounds "15"]
[EventCountry "FRA"]
[SourceTitle "CBM 196 Extra"]
[Source "ChessBase"]
[SourceDate "2020.07.31"]
[SourceVersion "1"]
[SourceVersionDate "2020.07.31"]
[SourceQuality "1"]

1. e4 e5 2. Nf3 Nc6 3. d4 d6 4. dxe5 dxe5 5. Qxd8+ Kxd8 6. Bb5 Nge7 7. Nc3 f6 8. Be3 Ke8 9. Nd5 Kd8 10. 0-0-0 Be6 11. Nf4+ Bd7 12. Ne6+ Kc8 13. Nc5 Be8 14. Rd2 a6 15. Bxc6 Nxc6 16. Rhd1 Bxc5 17. Bxc5 1-0